English-Chinese and Chinese-English dictionary of Law
Αποθηκεύτηκε σε:
| Συγγραφή απο Οργανισμό/Αρχή: | |
|---|---|
| Μορφή: | Βιβλίο |
| Γλώσσα: | Αγγλικά Κινεζικά |
| Έκδοση: |
Shanghai
Shanghai Jiao Tong University Press
2011
|
| Έκδοση: | 2a. ed |
| Θέματα: | |
| Ετικέτες: |
Προσθήκη ετικέτας
Δεν υπάρχουν, Καταχωρήστε ετικέτα πρώτοι!
|
MARC
| LEADER | 00000cam a2200000 a 4500 | ||
|---|---|---|---|
| 001 | UCC6820 | ||
| 003 | CL-VaPUC | ||
| 008 | 190111e20110000ch |||||||||||||||||eng|d | ||
| 020 | |a 9787313028914 | ||
| 041 | 0 | 7 | |a eng |2 CL-VaPUC |
| 041 | 0 | 7 | |a chi |2 CL-VaPUC |
| 082 | 0 | 4 | |a 413.0951 |b ENG |2 21 |
| 110 | 2 | |a Shanghai Jiao Tong University Press |e author |9 601338 | |
| 245 | 1 | 0 | |a English-Chinese and Chinese-English dictionary of Law |
| 250 | |a 2a. ed | ||
| 300 | |a 1265 p | ||
| 942 | |c BK | ||
| 945 | |d 20190111 14:04:00 |a dcastane | ||
| 260 | |a Shanghai |b Shanghai Jiao Tong University Press |c 2011 | ||
| 650 | 0 | |a Diccionarios |9 256200 | |
| 650 | 7 | |a DERECHO PENAL |2 CL-VaPUC |9 11 | |
| 650 | 0 | |a Derecho procesal penal |9 255496 | |
| 583 | |a last modification |c 20190111 14:04:00 |k Rodrigo Vera | ||
| 999 | |c 373670 |d 373668 | ||
| 952 | |0 0 |1 0 |3 erd |4 0 |6 413_095100000000000_ENG_2011 |7 0 |8 F |9 491867 |a BIBDER |b BIBDER |i 5528461 |o 413.0951 ENG 2011 |p 5528461 |r 2023-01-25 |w 2019-11-24 |y BK_F |z Catalogado en:20190111 |k DER | ||